[Event "IV Festival A"]
[Site "Montecatini Terme ITA"]
[Date "1995.07.??"]
[Round "8"]
[White "Ferretti, Folco"]
[Black "Belotti, Bruno"]
[Result "1/2-1/2"]
[WhiteElo "2270"]
[BlackElo "2380"]
[PlyCount "61"]
[EventDate "1995.07.29"]

1. e4 d6 2. d4 Nf6 3. Nc3 g6 4. g3 Bg7 5. Bg2 O-O 6. Nge2 e5 7. h3 Nc6 8. Be3
exd4 9. Nxd4 Bd7 10. O-O Re8 11. Re1 a6 12. f4 Na5 13. Bf2 c5 14. Nf3 Bc6 15.
e5 dxe5 16. Nxe5 Bxg2 17. Kxg2 Qb6 18. Na4 Qb5 19. Nxc5 Qxb2 20. Rb1 Qa3 21.
Nxb7 Nxb7 22. Rxb7 Qxa2 23. Nxf7 Rxe1 24. Bxe1 Rc8 25. Bf2 h6 26. Ne5 Rxc2 27.
Qd8+ Bf8 28. Qd4 Bc5 29. Rb8+ Kg7 30. Rb7+ Kg8 31. Rb8+ 1/2-1/2

[Event "IV Festival A"]
[Site "Montecatini Terme ITA"]
[Date "1995.07.??"]
[Round "8"]
[White "Palac, Mladen"]
[Black "Drazic, Sinisa"]
[Result "1-0"]
[WhiteElo "2515"]
[BlackElo "2405"]
[PlyCount "71"]
[EventDate "1995.07.29"]

1. e4 e5 2. Nf3 d6 3. d4 Nf6 4. dxe5 Nxe4 5. Qd5 Nc5 6. Bg5 Qd7 7. exd6 Bxd6 8.
Nc3 O-O 9. O-O-O Nc6 10. Be3 Ne7 11. Qd2 b6 12. Bxc5 bxc5 13. Nb5 Ng6 14. Nxd6
cxd6 15. Qxd6 Qa4 16. a3 Bf5 17. Bd3 Bxd3 18. Rxd3 Nf4 19. Rd2 Qc4 20. b3 Ne2+
21. Kb1 Rab8 22. Qd3 Nc3+ 23. Kb2 Na4+ 24. Kc1 Qe6 25. Qxh7+ Kxh7 26. Ng5+ Kg6
27. Nxe6 fxe6 28. bxa4 Rf4 29. Re1 Kf5 30. Rde2 Rxa4 31. Re5+ Kf4 32. R1e3 Kg4
33. Rxc5 Rf4 34. f3+ Kh4 35. g3+ Kh3 36. gxf4 1-0

[Event "IV Festival A"]
[Site "Montecatini Terme ITA"]
[Date "1995.07.??"]
[Round "8"]
[White "Sulava, Nenad"]
[Black "Drasko, Milan"]
[Result "1-0"]
[WhiteElo "2390"]
[BlackElo "2505"]
[PlyCount "71"]
[EventDate "1995.07.29"]

1. d4 Nf6 2. c4 c5 3. d5 b5 4. cxb5 a6 5. bxa6 g6 6. Nc3 d6 7. g3 Bg7 8. Bg2
O-O 9. Nf3 Bxa6 10. O-O Nbd7 11. Re1 Qa5 12. h3 Nb6 13. Nd2 Nc4 14. Nxc4 Bxc4
15. Bd2 Rfb8 16. b3 Ba6 17. a4 c4 18. Nb5 Qd8 19. bxc4 Nd7 20. Rb1 Nc5 21. Rb4
Bc8 22. Qc2 Bd7 23. Reb1 Ra6 24. Bc3 Bxc3 25. Nxc3 Rxb4 26. Rxb4 Qa5 27. Rb8+
Kg7 28. Qd2 Bxa4 29. h4 h5 30. Bh3 Rb6 31. Rc8 Rb7 32. Qd4+ f6 33. Qe3 Rc7 34.
Rb8 Qa7 35. Rd8 Bb3 36. Be6 1-0

[Event "IV Festival A"]
[Site "Montecatini Terme ITA"]
[Date "1995.07.??"]
[Round "8"]
[White "Zelcic, Robert"]
[Black "Malaniuk, Vladimir P."]
[Result "0-1"]
[WhiteElo "2500"]
[BlackElo "2580"]
[PlyCount "114"]
[EventDate "1995.07.29"]

1. e4 e5 2. Nf3 Nc6 3. c3 d5 4. Qa4 Bd7 5. exd5 Nd4 6. Qd1 Nxf3+ 7. Qxf3 Nf6 8.
Bc4 e4 9. Qe2 Bd6 10. d4 O-O 11. h3 Re8 12. Be3 a6 13. Nd2 Rb8 14. Bb3 b5 15.
O-O h6 16. f3 Qe7 17. fxe4 Nxe4 18. Nxe4 Qxe4 19. Rae1 Qg6 20. Qf3 Re7 21. Bf2
Rbe8 22. Rxe7 Rxe7 23. Bh4 f6 24. Kh1 Qe8 25. Qf2 Re2 26. Re1 Rxe1+ 27. Qxe1
Qg6 28. Bd1 Qd3 29. Bf3 Qc2 30. Bg3 Qxb2 31. Bxd6 cxd6 32. Kh2 Kf8 33. Qg3 Qa3
34. Bh5 g5 35. Qd3 f5 36. Qd2 Ke7 37. h4 Kf6 38. Bd1 a5 39. Bb3 b4 40. hxg5+
hxg5 41. cxb4 Qxb4 42. Qd1 Ke7 43. Qc1 f4 44. Bc4 Qb8 45. Qe1+ Kf7 46. Qe4 Qh8+
47. Kg1 Qh6 48. Bd3 g4 49. Kf1 Kf8 50. Ke1 f3 51. gxf3 g3 52. f4 Qh2 53. Qg6
Qf2+ 54. Kd1 Ba4+ 55. Kc1 Qxf4+ 56. Kb1 Be8 57. Qh7 Qf2 0-1

[Event "IV Festival A"]
[Site "Montecatini Terme ITA"]
[Date "1995.07.??"]
[Round "9"]
[White "Drazic, Sinisa"]
[Black "Pieri, Filippo"]
[Result "1-0"]
[WhiteElo "2405"]
[BlackElo "2220"]
[PlyCount "63"]
[EventDate "1995.07.29"]

1. c4 c5 2. Nf3 Nf6 3. g3 g6 4. Bg2 Bg7 5. Nc3 O-O 6. O-O Nc6 7. d4 cxd4 8.
Nxd4 Nxd4 9. Qxd4 d6 10. Qd3 a6 11. Bd2 Rb8 12. b3 Be6 13. a4 Qd7 14. Rfd1 Bh3
15. Bh1 Ng4 16. Rac1 Ne5 17. Qe4 h6 18. Be1 f5 19. Qd5+ Kh7 20. c5 f4 21. cxd6
fxg3 22. hxg3 Rf5 23. dxe7 Qxe7 24. Qd6 Qxd6 25. Rxd6 Ng4 26. Ne4 Rbf8 27. Rc7
Kh8 28. Rxg6 Bd4 29. Bf3 Rxf3 30. exf3 Rxf3 31. Rd6 Bg7 32. Rd8+ 1-0

[Event "IV Festival A"]
[Site "Montecatini Terme ITA"]
[Date "1995.07.??"]
[Round "9"]
[White "Malaniuk, Vladimir P."]
[Black "Tiviakov, Sergei"]
[Result "1/2-1/2"]
[WhiteElo "2580"]
[BlackElo "2655"]
[PlyCount "34"]
[EventDate "1995.07.29"]

1. d4 Nf6 2. c4 e6 3. g3 d5 4. Nf3 Bb4+ 5. Bd2 Be7 6. Bg2 c6 7. Qb3 O-O 8. O-O
b6 9. cxd5 cxd5 10. Rc1 Ba6 11. Bf1 Ne4 12. Bb4 Nd6 13. Na3 Bb7 14. Bxd6 Bxd6
15. Nb5 Nc6 16. Nxd6 Qxd6 17. Rc3 Rfc8 1/2-1/2

[Event "Festival"]
[Site "Telese Terme ITA"]
[Date "1995.06.??"]
[Round "?"]
[White "Martorelli, Antonio"]
[Black "Ljubisavljevic, Zivojin Z."]
[Result "1-0"]
[WhiteElo "2255"]
[BlackElo "2270"]
[PlyCount "65"]
[EventDate "1995.06.25"]

1. e4 Nc6 2. d4 d6 3. Nc3 g6 4. h3 Bg7 5. Nf3 e5 6. Be3 Nge7 7. Bc4 O-O 8. O-O
exd4 9. Nxd4 Ne5 10. Be2 a6 11. a4 c5 12. Nb3 Be6 13. Qd2 Qc7 14. Rfd1 Rad8 15.
Bh6 f5 16. Bxg7 Kxg7 17. f4 Bxb3 18. cxb3 N5c6 19. Nd5 Nxd5 20. exd5 Nd4 21.
Qc3 Qf7 22. Bc4 Qf6 23. b4 b5 24. axb5 axb5 25. Bf1 Rf7 26. Ra6 Qe7 27. Bxb5
Kh6 28. Bf1 Qe4 29. Qg3 Rb8 30. Rxd6 Rxb4 31. Re1 Qc2 32. Re8 Qc1 33. Rxg6+ 1-0

[Event "III Festival"]
[Site "Belpasso ITA"]
[Date "1995.02.??"]
[Round "1"]
[White "Lisi, Sebastiano"]
[Black "Alaimo, Riccardo"]
[Result "0-1"]
[WhiteElo "1660"]
[BlackElo "1903"]
[PlyCount "58"]
[EventDate "1995.02.04"]

1. Nf3 Nf6 2. g3 c5 3. Bg2 d5 4. d4 Nc6 5. O-O e6 6. Nc3 cxd4 7. Nxd4 Bc5 8.
Nxc6 bxc6 9. Na4 Be7 10. c4 O-O 11. cxd5 cxd5 12. Bf4 Ba6 13. Rc1 Rc8 14. Rxc8
Qxc8 15. Qd4 Qc4 16. Qxa7 Qxa4 17. Qxe7 Qxa2 18. Be5 Re8 19. Qb4 Bxe2 20. Rc1
Bc4 21. Qc3 Ng4 22. Bxg7 e5 23. Bxe5 Nxe5 24. Re1 Qxb2 25. Qxb2 Nf3+ 26. Kh1
Rxe1+ 27. Bf1 Bxf1 28. Qb8+ Kg7 29. Qb2+ f6 0-1

[Event "III Festival"]
[Site "Belpasso ITA"]
[Date "1995.02.??"]
[Round "2"]
[White "Alaimo, Riccardo"]
[Black "Isonzo, David"]
[Result "1/2-1/2"]
[WhiteElo "1903"]
[BlackElo "2190"]
[PlyCount "30"]
[EventDate "1995.02.04"]

1. e4 c5 2. Nc3 Nc6 3. f4 g6 4. Nf3 Bg7 5. Bc4 e6 6. f5 Nge7 7. fxe6 dxe6 8. d3
O-O 9. O-O Nd4 10. Bg5 h6 11. Bh4 a6 12. a4 b6 13. Qd2 Qd7 14. Nxd4 cxd4 15.
Nd1 g5 1/2-1/2

[Event "III Festival"]
[Site "Belpasso ITA"]
[Date "1995.02.??"]
[Round "3"]
[White "Alaimo, Riccardo"]
[Black "Genovese, Maurizio"]
[Result "0-1"]
[WhiteElo "1903"]
[BlackElo "2255"]
[PlyCount "72"]
[EventDate "1995.02.04"]

1. e4 g6 2. d4 c6 3. Nc3 Na6 4. Bc4 Bg7 5. Qf3 e6 6. d5 Nh6 7. Nh3 O-O 8. Bg5
f6 9. Bd2 b5 10. Bb3 Nf7 11. O-O Nc5 12. Rfd1 Qe7 13. Be3 Nxb3 14. axb3 a6 15.
Qe2 f5 16. f3 cxd5 17. exd5 Bb7 18. dxe6 dxe6 19. Nf4 Rfe8 20. Qf2 Rac8 21. Nd3
Red8 22. Nc5 f4 23. b4 fxe3 24. Qxe3 Rxd1+ 25. Rxd1 Rd8 26. Nxb7 Rxd1+ 27. Nxd1
Qxb7 28. Qxe6 Qa7+ 29. Kf1 Qd4 30. Qe1 Qc4+ 31. Qe2 Qxb4 32. b3 a5 33. Nf2 a4
34. Qe8+ Bf8 35. Nd3 Qc3 36. Qxb5 a3 0-1

[Event "III Festival"]
[Site "Belpasso ITA"]
[Date "1995.02.??"]
[Round "4"]
[White "Zappala', Alberto"]
[Black "Alaimo, Riccardo"]
[Result "1-0"]
[WhiteElo "1836"]
[BlackElo "1903"]
[PlyCount "99"]
[EventDate "1995.02.04"]

1. d4 Nf6 2. Nf3 c5 3. d5 e6 4. Nc3 exd5 5. Nxd5 Nxd5 6. Qxd5 Be7 7. e4 O-O 8.
Bd3 Nc6 9. a3 d6 10. Qh5 Bf6 11. Ng5 h6 12. Nf3 Re8 13. O-O Ne5 14. Nxe5 Rxe5
15. Qf3 Re8 16. Bc4 Be6 17. Bb5 Rf8 18. c3 a6 19. Bd3 Be5 20. Qe3 Qc7 21. f4
Bf6 22. Qf2 Qe7 23. Be3 b6 24. Rad1 Bd7 25. Rfe1 Rfe8 26. Bc1 Bc6 27. Rd2 Qd7
28. e5 Qe7 29. Rde2 dxe5 30. fxe5 Bh4 31. g3 Bg5 32. Bf4 Bb7 33. e6 f6 34. Bxg5
hxg5 35. Qf5 g6 36. Qxg6+ Qg7 37. Qf7+ Kh8 38. Bg6 Re7 39. Qxg7+ Kxg7 40. Bf5
Bf3 41. Rd2 Bh5 42. g4 Bf7 43. Rd6 Rb8 44. Red1 Be8 45. R1d3 Rbb7 46. Rh3 Kg8
47. Rh6 Kg7 48. Rh7+ Kf8 49. Rh3 a5 50. Rd8 1-0

[Event "III Festival"]
[Site "Belpasso ITA"]
[Date "1995.02.??"]
[Round "5"]
[White "Alaimo, Riccardo"]
[Black "Zarba, Calogero"]
[Result "1-0"]
[WhiteElo "1903"]
[BlackElo "1720"]
[PlyCount "115"]
[EventDate "1995.02.04"]

1. e4 c6 2. d4 d5 3. exd5 cxd5 4. c4 Nf6 5. Nc3 Bf5 6. Qb3 dxc4 7. Bxc4 e6 8.
Qxb7 Nbd7 9. Nf3 Be7 10. O-O O-O 11. Bf4 Qb6 12. Qxb6 Nxb6 13. Bb3 Rfd8 14.
Rfd1 Bg4 15. Bc7 Bxf3 16. Bxd8 Bxd1 17. Bxe7 Bxb3 18. axb3 Nbd5 19. Bc5 a6 20.
b4 Nd7 21. Nxd5 exd5 22. b5 a5 23. Ra4 g6 24. Kf1 Rc8 25. Ba3 Nb6 26. Rxa5 Nc4
27. Ra6 Rb8 28. b6 Nxb6 29. Bc5 Nc4 30. b4 Re8 31. f3 Kg7 32. Ra7 Kf6 33. Kf2
h6 34. b5 Rb8 35. b6 Kg7 36. b7 Kf6 37. Bf8 Ke6 38. Bxh6 Nd6 39. Bf4 Rxb7 40.
Ra6 Rd7 41. Kg3 Ke7 42. Bxd6+ Rxd6 43. Rxd6 Kxd6 44. Kf4 f6 45. h4 Ke7 46. g4
Ke6 47. h5 g5+ 48. Ke3 f5 49. Kd3 Kf7 50. gxf5 Kf6 51. h6 Kf7 52. Ke3 Kg8 53.
f6 Kh8 54. f7 Kh7 55. f8=Q Kg6 56. Qg7+ Kh5 57. h7 g4 58. h8=R# 1-0

[Event "III Festival"]
[Site "Belpasso ITA"]
[Date "1995.02.??"]
[Round "6"]
[White "Bonaccorsi, Fabrizio"]
[Black "Alaimo, Riccardo"]
[Result "1-0"]
[WhiteElo "2135"]
[BlackElo "1903"]
[PlyCount "40"]
[EventDate "1995.02.04"]

1. Nf3 Nf6 2. g3 d5 3. Bg2 c5 4. O-O Nc6 5. d3 e6 6. Nbd2 Be7 7. e4 Qc7 8. Re1
b6 9. exd5 Nxd5 10. c4 Nf6 11. d4 O-O 12. Ne5 Bb7 13. Nxc6 Bxc6 14. Bxc6 Qxc6
15. d5 Qd7 16. dxe6 fxe6 17. Qe2 Rf7 18. Qxe6 Qb7 19. Ne4 Nxe4 20. Qxe4 Qd7 1-0

[Event "X Festival A"]
[Site "Bolzano - Bozen ITA"]
[Date "1995.06.??"]
[Round "3"]
[White "Efimov, Igor"]
[Black "Sulava, Nenad"]
[Result "1-0"]
[WhiteElo "2460"]
[BlackElo "2420"]
[PlyCount "33"]
[EventDate "1995.06.10"]

1. d4 d5 2. Nf3 c6 3. e3 Bg4 4. c4 e6 5. Qb3 Qc7 6. Ne5 Bh5 7. Bd2 Bd6 8. cxd5
exd5 9. Bb4 c5 10. Bxc5 Bxc5 11. dxc5 Qxe5 12. Qxb7 Nf6 13. Bb5+ Kf8 14. Qxa8
Ng4 15. Nc3 Nxf2 16. Kxf2 d4 17. Qe4 1-0

[Event "XIII Festival Isola d'Elba"]
[Site "Capoliveri ITA"]
[Date "1995.05.??"]
[Round "?"]
[White "Mauro, Alan"]
[Black "Naumkin, Igor"]
[Result "0-1"]
[WhiteElo "2340"]
[BlackElo "2500"]
[PlyCount "74"]
[EventDate "1995.05.01"]

1. e4 e6 2. d4 d5 3. Nc3 Bb4 4. Qd3 dxe4 5. Qxe4 Nf6 6. Qh4 c5 7. dxc5 Bxc3+ 8.
bxc3 Qa5 9. Qb4 Nc6 10. Bb5 Qc7 11. Nf3 O-O 12. Bxc6 Qxc6 13. O-O Nd5 14. Qb3
Re8 15. c4 Nf6 16. Be3 e5 17. Rab1 h6 18. Rfd1 Qe4 19. Qd3 Qg4 20. Qd6 Ne4 21.
Qc7 Be6 22. Rxb7 Bxc4 23. Re1 Rac8 24. Qa5 Bd5 25. Rb4 Qg6 26. Qxa7 Nd2 27. Nh4
Nf3+ 28. Nxf3 Bxf3 29. g3 Qe6 30. g4 Bxg4 31. Qb7 e4 32. Bf4 Bf3 33. Qb5 Qg4+
34. Bg3 Rb8 35. Qxb8 Rxb8 36. Rxb8+ Kh7 37. Rb3 Qh3 0-1

[Event "XIII Festival Isola d'Elba"]
[Site "Capoliveri ITA"]
[Date "1995.05.??"]
[Round "?"]
[White "Naumkin, Igor"]
[Black "Zichichi, Alvise"]
[Result "1-0"]
[WhiteElo "2500"]
[BlackElo "2315"]
[PlyCount "49"]
[EventDate "1995.05.01"]

1. d4 d5 2. c4 c6 3. Nc3 e6 4. e3 f5 5. g4 fxg4 6. Qxg4 Nf6 7. Qg2 c5 8. Nf3
Nc6 9. Ne5 Nb4 10. f4 cxd4 11. exd4 dxc4 12. Bxc4 Qxd4 13. Bb5+ Bd7 14. Nxd7
Nxd7 15. Ke2 Nc6 16. Rd1 Qc5 17. Be3 Qh5+ 18. Kf1 Rc8 19. Bc4 Qf5 20. Ne4 Nce5
21. Be2 h5 22. h3 Nf7 23. Ng3 Qf6 24. Bxh5 g6 25. Ne4 1-0

[Event "XIII Festival Isola d'Elba"]
[Site "Capoliveri ITA"]
[Date "1995.05.??"]
[Round "?"]
[White "Samaritani, Fabio"]
[Black "Arcangeli, Alessandro"]
[Result "1-0"]
[WhiteElo "2200"]
[BlackElo "1770"]
[PlyCount "51"]
[EventDate "1995.05.01"]

1. e4 c5 2. Nc3 Nc6 3. Nge2 g6 4. d4 cxd4 5. Nxd4 Bg7 6. Be3 Nf6 7. Bc4 O-O 8.
Bb3 d6 9. f3 Bd7 10. Qd2 a6 11. h4 h5 12. O-O-O Rc8 13. g4 hxg4 14. h5 Nxh5 15.
fxg4 Bxg4 16. Rdg1 Ne5 17. Nd5 Bf3 18. Rh3 Bxe4 19. Rxh5 gxh5 20. Bh6 Ng4 21.
Rxg4 hxg4 22. Qg5 Bg6 23. Bxg7 Kxg7 24. Nf5+ Kg8 25. Nf6+ exf6 26. Qxg6+ 1-0

[Event "XIII Festival Isola d'Elba"]
[Site "Capoliveri ITA"]
[Date "1995.05.??"]
[Round "?"]
[White "Soravia, Giuseppe"]
[Black "Todic, Zoran"]
[Result "0-1"]
[WhiteElo "1462"]
[BlackElo "2235"]
[PlyCount "82"]
[EventDate "1995.05.01"]

1. e4 e5 2. Nf3 Nc6 3. Bc4 Be7 4. O-O Nf6 5. Re1 d6 6. h3 Be6 7. Bf1 h6 8. Nc3
O-O 9. d3 Nh7 10. Be3 f5 11. exf5 Rxf5 12. Ne4 Ng5 13. Nfxg5 Bxg5 14. Ng3 Rf7
15. Qd2 Bh4 16. Kh2 d5 17. d4 exd4 18. Bxd4 Nxd4 19. Qxd4 Bf6 20. Qb4 Qc8 21.
Nh5 c5 22. Nxf6+ Rxf6 23. Qd2 Qc6 24. g3 d4 25. Bd3 Qf3 26. Re2 Bd5 27. Rg1 c4
28. Bf5 Rxf5 29. Qe1 Raf8 30. g4 R5f6 31. Rg3 Qxf2+ 32. Rxf2 Rxf2+ 33. Kg1 Rxc2
34. g5 h5 35. g6 d3 36. Qd1 Rxb2 37. h4 Re2 38. a4 Rff2 39. a5 Rh2 40. Kf1 Rh1+
41. Rg1 Bg2# 0-1

[Event "X Festival Magistrale"]
[Site "Celle Ligure ITA"]
[Date "1995.04.??"]
[Round "1"]
[White "Cazzaniga, Walter"]
[Black "Cirabisi, Federico"]
[Result "0-1"]
[WhiteElo "2185"]
[BlackElo "2220"]
[PlyCount "116"]
[EventDate "1995.04.01"]

1. d4 d5 2. c4 e5 3. dxe5 d4 4. Nf3 Nc6 5. g3 Be6 6. b3 Qd7 7. Bg2 Bb4+ 8. Bd2
Be7 9. O-O Bh3 10. a3 h5 11. b4 Bxg2 12. Kxg2 h4 13. b5 Nd8 14. e3 hxg3 15.
fxg3 Qh3+ 16. Kg1 Ne6 17. Qe2 Bc5 18. Ra2 O-O-O 19. exd4 Rxd4 20. Kh1 Rg4 21.
Nc3 Ne7 22. Be1 Nf5 23. Nd5 c6 24. bxc6 bxc6 25. Nf4 Rxf4 26. gxf4 Ne3 27. Rg1
Nxf4 28. Ng5 Nxe2 29. Nxh3 Nxg1 30. Nxg1 Nxc4 31. Rc2 Bxg1 32. Kxg1 Nxe5 33.
Bg3 Re8 34. Bxe5 Rxe5 35. Rxc6+ Kb7 36. Rd6 Rf5 37. Kg2 a5 38. Kg3 Rc5 39. Kg4
Kc7 40. Ra6 Kd8 41. h4 g6 42. Kf4 Ke7 43. Ra7+ Kf6 44. Ra6+ Kg7 45. Ra7 Rc4+
46. Kg5 Ra4 47. h5 gxh5 48. Kxh5 Rxa3 49. Kg5 Ra1 50. Kf4 a4 51. Kf3 a3 52. Kf2
Kg6 53. Ra6+ Kg5 54. Kg3 f6 55. Ra5+ f5 56. Kf3 a2 57. Kg2 Kg4 58. Ra4+ f4 0-1

[Event "X Festival Magistrale"]
[Site "Celle Ligure ITA"]
[Date "1995.04.??"]
[Round "1"]
[White "Coppini, Giorgio"]
[Black "Rossi, Giampiero"]
[Result "1/2-1/2"]
[WhiteElo "2255"]
[BlackElo "2145"]
[PlyCount "41"]
[EventDate "1995.04.01"]

1. e4 c5 2. Nc3 e6 3. g3 Nc6 4. Bg2 d6 5. d3 g6 6. f4 Nge7 7. Nf3 Bg7 8. O-O
O-O 9. Ne2 Bd7 10. c3 Qc7 11. g4 f5 12. gxf5 exf5 13. Ng3 Kh8 14. Kh1 Rab8 15.
Be3 b5 16. Qd2 b4 17. Rad1 Be6 18. c4 fxe4 19. Nxe4 Nf5 20. Bg1 Ncd4 21. Neg5
1/2-1/2

[Event "X Festival Magistrale"]
[Site "Celle Ligure ITA"]
[Date "1995.04.??"]
[Round "1"]
[White "Cordara, Michele"]
[Black "Leoncini, Mario"]
[Result "1-0"]
[WhiteElo "2185"]
[BlackElo "2185"]
[PlyCount "53"]
[EventDate "1995.04.01"]

1. c4 e6 2. Nf3 d5 3. b3 Nf6 4. Bb2 Be7 5. g3 O-O 6. Bg2 Nbd7 7. O-O c6 8. d3
b6 9. Nc3 Bb7 10. Qc2 Qc7 11. Rac1 Rac8 12. Qb1 Qb8 13. e4 c5 14. cxd5 exd5 15.
Nh4 dxe4 16. Nf5 Rfe8 17. dxe4 Bf8 18. Rcd1 Rcd8 19. Nd5 Nxd5 20. exd5 g6 21.
Qc1 Re2 22. Bc3 f6 23. Nh6+ Kg7 24. Bh3 Ne5 25. f4 Nd7 26. f5 g5 27. Qxg5+ 1-0

[Event "X Festival Magistrale"]
[Site "Celle Ligure ITA"]
[Date "1995.04.??"]
[Round "1"]
[White "Esposito, Luca"]
[Black "Aranovitch, Emiliano"]
[Result "1-0"]
[WhiteElo "2004"]
[BlackElo "1900"]
[PlyCount "130"]
[EventDate "1995.04.01"]

1. c4 d6 2. Nc3 Nf6 3. d4 Nbd7 4. e4 e5 5. Nf3 Be7 6. Be2 O-O 7. O-O c6 8. d5
a6 9. Be3 cxd5 10. cxd5 b5 11. Nd2 Qc7 12. Rc1 Qb7 13. f3 Bd8 14. b4 Bb6 15.
Bf2 Ne8 16. g4 g6 17. Bd3 Bxf2+ 18. Rxf2 Nb6 19. Qe2 Bd7 20. Nb3 Rc8 21. Na5
Qb8 22. Qe3 Ng7 23. Rfc2 Rc7 24. Nd1 Rfc8 25. Qf2 Rxc2 26. Rxc2 Rxc2 27. Qxc2
Qc8 28. Qxc8+ Bxc8 29. Nc3 Kf8 30. Bc2 Bd7 31. Bb3 Ke7 32. Kf2 f6 33. Ke3 g5
34. Kd3 Kd8 35. Bd1 Kc7 36. Be2 Ne8 37. Kc2 Kb8 38. Nb3 Nc7 39. Nd2 Kc8 40. Nf1
Kd8 41. Ne3 Ke7 42. Ned1 Kd8 43. Nb2 Ke7 44. Kd3 Kd8 45. Bd1 Ke7 46. Be2 Kd8
47. Kc2 Kc8 48. Kb3 Kb7 49. Ncd1 Kc8 50. Ne3 Kb7 51. Nf5 Bxf5 52. gxf5 Ne8 53.
Nd1 Ng7 54. Ne3 Kc7 55. Ng4 Ne8 56. Kc3 Kd7 57. Kd2 Ke7 58. Ke1 Kd7 59. Kf2 Ke7
60. Kg3 Nc7 61. Ne3 Na4 62. Nd1 Nb6 63. Nc3 Kf7 64. Kg4 Kg7 65. Kh5 65... Na4
$139 1-0

[Event "X Festival Magistrale"]
[Site "Celle Ligure ITA"]
[Date "1995.04.??"]
[Round "1"]
[White "Kosic, Dragan"]
[Black "Piccardo, Vittorio"]
[Result "1-0"]
[WhiteElo "2500"]
[BlackElo "1978"]
[PlyCount "107"]
[EventDate "1995.04.01"]

1. d4 d5 2. Bg5 g6 3. e3 Bg7 4. Nf3 Nf6 5. Nbd2 c5 6. c3 Nbd7 7. Be2 Qb6 8. Qc2
O-O 9. O-O Re8 10. a4 a6 11. a5 Qc6 12. Rfd1 cxd4 13. exd4 Qc7 14. Qb3 e6 15.
Bd3 Nb8 16. g3 Nc6 17. Bf4 Qd8 18. Qa2 Nh5 19. Bg5 Qc7 20. Nb3 h6 21. Bd2 Bd7
22. Nc5 Rad8 23. Nxd7 Rxd7 24. Re1 Rdd8 25. Qa4 Rc8 26. b4 Bf8 27. Ne5 Nxe5 28.
Rxe5 Bd6 29. Re2 Kg7 30. Rae1 Nf6 31. Rc1 h5 32. c4 dxc4 33. Rxc4 Qb8 34. b5
axb5 35. Qxb5 Rxc4 36. Bxc4 Rc8 37. Bb3 Qc7 38. Qg5 Ng8 39. Re3 Qe7 40. Qb5 Nf6
41. Rf3 Ng4 42. Bg5 Qc7 43. h3 Nh6 44. Bf6+ Kg8 45. Kg2 Nf5 46. g4 hxg4 47.
hxg4 Ng7 48. Qg5 Qc1 49. Qh4 Rc3 50. Bxg7 Kxg7 51. Qf6+ Kh6 52. Qh8+ Kg5 53.
Qd8+ Kh6 54. Rxf7 1-0

[Event "X Festival Magistrale"]
[Site "Celle Ligure ITA"]
[Date "1995.04.??"]
[Round "1"]
[White "Laketic, Gojko"]
[Black "Nurkic, Sahbaz"]
[Result "0-1"]
[WhiteElo "2390"]
[BlackElo "2450"]
[PlyCount "38"]
[EventDate "1995.04.01"]

1. e4 c5 2. Ne2 Nc6 3. d4 cxd4 4. Nxd4 Nf6 5. Nc3 e5 6. Nde2 Bc5 7. Ng3 Qb6 8.
Qd2 Ng4 9. Nd1 d6 10. h3 Nf6 11. Nc3 Be6 12. Na4 Qc7 13. Nxc5 dxc5 14. c3 Rd8
15. Qc2 Qa5 16. Nf5 Bxf5 17. exf5 Nd4 18. Qb1 O-O 19. b4 19... cxb4 $138 0-1

[Event "X Festival Magistrale"]
[Site "Celle Ligure ITA"]
[Date "1995.04.??"]
[Round "1"]
[White "Martorelli, Antonio"]
[Black "Romano, Edgar"]
[Result "0-1"]
[WhiteElo "2255"]
[BlackElo "1929"]
[PlyCount "105"]
[EventDate "1995.04.01"]

1. e4 d5 2. exd5 Nf6 3. c4 c6 4. Nc3 cxd5 5. d4 Nc6 6. Bg5 dxc4 7. Nf3 Bg4 8.
Bxc4 e6 9. d5 exd5 10. Nxd5 Be7 11. Bxf6 Bxf6 12. Qe2+ Kf8 13. Nxf6 Qxf6 14.
O-O-O g6 15. h3 Bxf3 16. Qxf3 Qxf3 17. gxf3 Kg7 18. f4 Rac8 19. Kb1 Rhd8 20.
Bd5 Rd6 21. Be4 Rcd8 22. Rxd6 Rxd6 23. Rc1 Kf6 24. Rc5 Ke7 25. f5 Rf6 26. a3
Kd7 27. b4 b6 28. Rb5 g5 29. Kb2 Rd6 30. Kc3 f6 31. a4 Nd4 32. Rd5 Rxd5 33.
Bxd5 Nxf5 34. Kd3 Ne7 35. Be4 f5 36. Bb7 Ng6 37. Kd4 Kd6 38. Bc8 Ne7 39. Bb7 h5
40. Bf3 h4 41. Kc4 Ng6 42. Kb5 Kc7 43. Ka6 Ne5 44. Bd5 g4 45. Kxa7 Nc6+ 46.
Bxc6 Kxc6 47. b5+ Kc5 48. a5 bxa5 49. b6 gxh3 50. b7 h2 51. b8=Q h1=Q 52. Qf8+
Kc4 53. Qxf5 {...} 0-1

[Event "X Festival Magistrale"]
[Site "Celle Ligure ITA"]
[Date "1995.04.??"]
[Round "1"]
[White "Mordiglia, Riccardo"]
[Black "Farina, Saverio"]
[Result "0-1"]
[WhiteElo "1873"]
[BlackElo "2120"]
[PlyCount "136"]
[EventDate "1995.04.01"]

1. e4 e6 2. d4 d5 3. e5 c5 4. c3 Nc6 5. Nf3 Qb6 6. Bd3 cxd4 7. cxd4 Bd7 8. O-O
Nxd4 9. Nxd4 Qxd4 10. Nc3 Qxe5 11. Re1 Qb8 12. Nxd5 Bd6 13. Qg4 Kf8 14. Bd2 h5
15. Qh3 Bc6 16. Ne3 Nf6 17. Nc4 Nd5 18. Bc3 Nxc3 19. bxc3 Qc7 20. Nxd6 Qxd6 21.
Rad1 Qf4 22. Bf1 Rh6 23. Rd4 Qf5 24. Qe3 Rg6 25. Red1 Qg5 26. Qh3 Qf5 27. Qe3
Qf3 28. Qxf3 Bxf3 29. R1d3 Bd5 30. c4 Bc6 31. g3 e5 32. Rd8+ Rxd8 33. Rxd8+ Ke7
34. Rh8 Bf3 35. Bg2 Bxg2 36. Kxg2 Ra6 37. c5 Rxa2 38. Rb8 Ke6 39. Rxb7 g6 40.
c6 Rc2 41. Rxa7 Rxc6 42. Ra2 Kf5 43. Ra5 f6 44. Ra2 g5 45. Rb2 Ra6 46. Rc2 Ra3
47. Rc5 Ra4 48. Rb5 h4 49. Rb2 Rd4 50. Ra2 Rd6 51. Rb2 Rd8 52. Rb4 Rd4 53. Rb2
Kg4 54. h3+ Kf5 55. g4+ Ke6 56. Rb6+ Rd6 57. Rb5 e4 58. Ra5 Rd5 59. Ra8 Ke5 60.
Rf8 Rd6 61. Rf7 Ra6 62. Rf8 Ra2 63. Kg1 Rb2 64. Re8+ Kf4 65. Rf8 Rb6 66. Re8
Kf3 67. Rf8 e3 68. fxe3 Kg3 0-1

[Event "X Festival Magistrale"]
[Site "Celle Ligure ITA"]
[Date "1995.04.??"]
[Round "1"]
[White "Naumkin, Igor"]
[Black "Vigano', Massimo"]
[Result "1-0"]
[WhiteElo "2500"]
[BlackElo "1935"]
[PlyCount "65"]
[EventDate "1995.04.01"]

1. d4 e6 2. c4 Nf6 3. Nf3 b6 4. g3 Bb7 5. Bg2 Be7 6. Nc3 Ne4 7. Bd2 d6 8. O-O
O-O 9. d5 Nxc3 10. Bxc3 Bf6 11. Rc1 Bxc3 12. Rxc3 e5 13. Nd2 f5 14. f4 e4 15.
g4 g6 16. gxf5 gxf5 17. Rg3+ Kh8 18. Nb3 Na6 19. Qd4+ Qf6 20. Bh3 Bc8 21. Rf2
Bd7 22. Rfg2 Qxd4+ 23. Nxd4 Rf7 24. Rg5 Raf8 25. Ne6 Bxe6 26. dxe6 Re7 27. Rxf5
Rxf5 28. Bxf5 Nc5 29. Kf2 Nxe6 30. Bxe6 Rxe6 31. Ke3 Re7 32. f5 c6 33. Kf4 1-0

[Event "X Festival Magistrale"]
[Site "Celle Ligure ITA"]
[Date "1995.04.??"]
[Round "1"]
[White "Palmiotto, Fiorentino"]
[Black "Sciacca, Massimo"]
[Result "1/2-1/2"]
[WhiteElo "2195"]
[BlackElo "1908"]
[PlyCount "54"]
[EventDate "1995.04.01"]

1. e4 e6 2. d4 d5 3. exd5 exd5 4. Bd3 Bd6 5. Nc3 Ne7 6. Be3 Nbc6 7. Nge2 Bg4 8.
Qd2 Qd7 9. f3 Bf5 10. a3 a6 11. O-O O-O 12. Rae1 Rfe8 13. Ng3 Bg6 14. Bxg6 hxg6
15. Bf4 Na5 16. Bxd6 Qxd6 17. b3 Nac6 18. b4 Rad8 19. Na4 Qf6 20. c3 b6 21. Nb2
Nc8 22. Rxe8+ Rxe8 23. Re1 Rxe1+ 24. Qxe1 Nd6 25. Qe3 Kf8 26. Ne2 Qe7 27. Qxe7+
Nxe7 1/2-1/2

[Event "X Festival Magistrale"]
[Site "Celle Ligure ITA"]
[Date "1995.04.??"]
[Round "1"]
[White "Pappalardo, Paolo"]
[Black "Caruso, Daniele"]
[Result "1-0"]
[WhiteElo "1911"]
[BlackElo "2080"]
[PlyCount "57"]
[EventDate "1995.04.01"]

1. e4 e6 2. d4 d5 3. Nc3 Nf6 4. e5 Nfd7 5. f4 c5 6. Nf3 Nc6 7. Be3 Qb6 8. Na4
Qa5+ 9. c3 cxd4 10. b4 Nxb4 11. cxb4 Bxb4+ 12. Bd2 Bxd2+ 13. Nxd2 g5 14. g3
gxf4 15. gxf4 Rg8 16. Rb1 a6 17. Kf2 b5 18. Nb2 d3 19. Nxd3 Qb6+ 20. Ke1 Bb7
21. Qf3 Rc8 22. Qf2 Qa5 23. Rg1 Rxg1 24. Qxg1 Qxa2 25. Qa7 Ba8 26. Nb4 Qa3 27.
Bxb5 Rc1+ 28. Rxc1 Qxc1+ 29. Ke2 1-0